书目信息 |
| 题名: |
园林植物生长发育与环境
|
|
| 作者: | 关继东 , 向民 , 王世昌 主编 | |
| 分册: | ||
| 出版信息: | 北京 中国林业出版社 2013 |
|
| 页数: | 438页 | |
| 开本: | 26cm | |
| 丛书名: | ||
| 单 册: | ||
| 中图分类: | S688.01 | |
| 科图分类: | ||
| 主题词: | 园林植物--植物生长--环境生态学--高等职业教育--教材 , 园林植物 , 植物生长 , 环境生态学 | |
| 电子资源: | ||
| ISBN: | 978-7-5038-7100-9 | |
| 000 | 01512nam0 2200313 450 | |
| 001 | 012015000721 | |
| 005 | 20150914162603.12 | |
| 010 | @a978-7-5038-7100-9@dCNY55.00 | |
| 100 | @a20140429d2013 em y0chiy50 ea | |
| 101 | 0 | @achi |
| 102 | @aCN@b110000 | |
| 105 | @aa z 000yy | |
| 106 | @ar | |
| 200 | 1 | @a园林植物生长发育与环境@Ayuan lin zhi wu sheng zhang fa yu yu huan jing@f关继东,向民,王世昌主编 |
| 210 | @a北京@c中国林业出版社@d2013 | |
| 215 | @a438页@c图@d26cm@e1光盘 | |
| 300 | @a教育部林业职业教育教学指导委员会高职园林类专业工学结合“十二五”规划教材 | |
| 307 | @a附光盘:ISBN 978-7-900291-10-3 | |
| 330 | @a本书将园林类职业岗位群必须具备的植物生长发育知识和其生态因子知识与技能,以专题形式有机整合为4个学习模块14个学习单元,内容包括:植物的细胞和组织,植物种子和营养器官的形态结构及生长规律,植物生长基本特性与植物调节剂,植物的开花结实,植物的呼吸、休眠、衰老与器官脱落,园林植物生长发育与水分,园林植物生长发育与光,园林植物生长发育与温度,园林植物生长发育与大气,气候与园林植物设施小气候,园林植物生长发育的土壤环境,园林绿地土壤及其改良,园林植物矿质营养与施肥,园林植物群落与园林生态系统。 | |
| 606 | 0 | @a园林植物@x植物生长@x环境生态学@x高等职业教育@j教材 |
| 606 | 0 | @a园林植物 |
| 606 | 0 | @a植物生长 |
| 606 | 0 | @a环境生态学 |
| 690 | @aS688.01@v5 | |
| 701 | 0 | @a关继东@Aguan ji dong@f(1955~)@4主编 |
| 701 | 0 | @a向民@Axiang min@c(林业)@4主编 |
| 701 | 0 | @a王世昌@Awang shi chang@c(山西林业)@4主编 |
| 801 | 0 | @aCN@b碧洲教育@c20150720 |
| 905 | @a10447@f3@dS688.01@e367 | |
| 园林植物生长发育与环境/关继东,向民,王世昌主编.-北京:中国林业出版社,2013 |
| 438页:图;26cm+1光盘 |
| 教育部林业职业教育教学指导委员会高职园林类专业工学结合“十二五”规划教材 |
| ISBN 978-7-5038-7100-9:CNY55.00 |
| 本书将园林类职业岗位群必须具备的植物生长发育知识和其生态因子知识与技能,以专题形式有机整合为4个学习模块14个学习单元,内容包括:植物的细胞和组织,植物种子和营养器官的形态结构及生长规律,植物生长基本特性与植物调节剂,植物的开花结实,植物的呼吸、休眠、衰老与器官脱落,园林植物生长发育与水分,园林植物生长发育与光,园林植物生长发育与温度,园林植物生长发育与大气,气候与园林植物设施小气候,园林植物生长发育的土壤环境,园林绿地土壤及其改良,园林植物矿质营养与施肥,园林植物群落与园林生态系统。 |
| ● |
| 相关链接 |
|
|
|
|
正题名:园林植物生长发育与环境
索取号:S688.01/367
 
预约/预借
| 序号 | 登录号 | 条形码 | 馆藏地/架位号 | 状态 | 备注 |
| 1 | 0848305 | 208483050 | 第二样本阅览室/ [索取号:S688.01/367] | 在馆 | |
| 2 | 0848306 | 208483069 | 第三借阅区/ [索取号:S688.01/367] | 在馆 | |
| 3 | 0848307 | 208483078 | 第三借阅区/ [索取号:S688.01/367] | 在馆 |